000 00463nam a2200181Ia 4500
005 20250423101531.0
008 250422s9999 xx 000 0 und d
020 _a039914840X
050 _aPS 3568 .O243 T48/
100 _aRoberts, Nora
245 0 _aThree fates
260 _aNew York
260 _bG. P. Putnam's sons
260 _c2002
300 _a450 p
650 _aBrothers and sisters--Fiction. Statues--Fiction. Europe--Fiction.
942 _cBK
999 _c36565
_d36565